Statistics for Top 15 Celebrities Born in 1988

Click here to take the quiz!

General Stats

  • This quiz has been taken 147 times
    (111 since last reset)
  • The average score is 6 of 15

Answer Stats

Answer% Correct
Rihanna
92%
Adele
82%
Emma Stone
81%
Lizzo
71%
Rupert Grint
59%
Vanessa Hudgens
42%
Jessie J
38%
Michael Cera
38%
Shane Dawson
31%
Lil Dicky
28%
Trisha Paytas
22%
A$ap Rocky
20%
Jamie Campbell-Bower
19%
Roomie/Joel
10%
iHasCupquake
3%

Score Distribution

Percentile by Number Answered

Percent of People with Each Score

Your Score History

You have not taken this quiz since the last reset